| 000 | 00494nam a2200181 ar4500 | ||
|---|---|---|---|
| 001 | 3321 | ||
| 005 | 20221127090725.0 | ||
| 008 | 130601s xxk 0001f|eng d | ||
| 020 | _a9781844082414(pbk) | ||
| 082 | 0 | 4 |
_a823.914 _bW318 2006 |
| 100 | 1 | _aWaters, Sarah. | |
| 245 | 1 | 4 |
_aThe night watch / _cSarah Waters. |
| 250 | _a1st ed. | ||
| 260 |
_aLondon : _bVirago, _c2006. |
||
| 300 |
_a473 p. ; _c20 cm. |
||
| 650 | 4 | _aDetective and mystery stories. | |
| 650 | 4 |
_aEnglish fiction _y20th century. |
|
| 999 |
_c3319 _d3319 |
||